Central Library OPAC University of Rajshahi

Stochastic processes / (Record no. 6909)

MARC details
000 -LEADER
fixed length control field 00702nam a2200241 a 4500
001 - CONTROL NUMBER
control field 6909
003 - CONTROL NUMBER IDENTIFIER
rucl marc code BD-RjUL
005 - DATE AND TIME OF LATEST TRANSACTION
control field 20211208234334.0
008 - FIXED-LENGTH DATA ELEMENTS--GENERAL INFORMATION
fixed length control field 140112s1962 cau b 001 0 eng d
035 ## - SYSTEM CONTROL NUMBER
System control number (BD-RjUL)6951
040 ## - CATALOGING SOURCE
Original cataloging agency ANL
Language of cataloging eng
Transcribing agency ANL
Modifying agency ABN:1
-- BD-RjUL
041 ## - LANGUAGE CODE
Language code of text/sound track or separate title eng
082 04 - DEWEY DECIMAL CLASSIFICATION NUMBER
Classification number 519.2
Author mark and year PAS 1962
100 1# - MAIN ENTRY--PERSONAL NAME
Personal name Parzen, Emanuel,
Dates associated with a name 1929-
9 (RLIN) 21684
245 10 - TITLE STATEMENT
Title Stochastic processes /
Statement of responsibility, etc. [y Emanuel Parzen.
260 ## - PUBLICATION, DISTRIBUTION, ETC. (IMPRINT)
Place of publication, distribution, etc. San Francisco :
Name of publisher, distributor, etc. Holden-Day,
Date of publication, distribution, etc. c1962.
300 ## - PHYSICAL DESCRIPTION
Pagination xi, 324 p. :
Illustrations ill. ;
Size 24 cm.
490 0# - SERIES STATEMENT
Series statement Holden-Day series in probability and statistics
504 ## - BIBLIOGRAPHY, ETC. NOTE
Bibliography, etc Includes index.
Bibliography, etc Bibliography: p. 307-313.
650 #0 - SUBJECT ADDED ENTRY--TOPICAL TERM
Topical term or geographic name as entry element Probabilities.
9 (RLIN) 243
942 ## - ADDED ENTRY ELEMENTS (KOHA)
Source of classification or shelving scheme Dewey Decimal Classification
Koha item type Books
Holdings
Lost status Source of classification or shelving scheme Damaged status Not for loan Collection code Permanent Location Current Location Shelving location Date acquired Source of acquisition Cost, normal purchase price Total Checkouts Full call number Date last seen Copy number Koha item type
  Dewey Decimal Classification     Non-fiction Central Library, University of Rajshahi Central Library, University of Rajshahi   18/01/1965 Zeithlinger. 84.00   519.2 PAS 1962 12/01/2014 C-2 Books
  Dewey Decimal Classification     Non-fiction Central Library, University of Rajshahi Central Library, University of Rajshahi   24/11/1965 Zeit. 112.00   519.2 PAS 1962 31/08/2016 C-3 Books
  Dewey Decimal Classification     Non-fiction Central Library, University of Rajshahi Central Library, University of Rajshahi   24/11/1965 Zeit. 112.00   519.2 PAS 1962 31/08/2016 C-4 Books
  Dewey Decimal Classification     Non-fiction Central Library, University of Rajshahi Central Library, University of Rajshahi   18/01/1965 Zeetlinger 84.00   519.2 PAS 1962 01/09/2016 C-5 Books
  Dewey Decimal Classification     Non-fiction Central Library, University of Rajshahi Central Library, University of Rajshahi   18/01/1965 Zeetlinger 84.00   519.2 PAS 1962 01/09/2016 C-6 Books